| 000 | 00775nam a2200265Ia 4500 | ||
|---|---|---|---|
| 003 | OSt | ||
| 005 | 20220926011032.0 | ||
| 006 | a|||||r|||| 00| 0 | ||
| 007 | ta | ||
| 008 | 220923b |||||||| |||| 00| 0 eng d | ||
| 020 | _a0130933945 | ||
| 037 | _cGeneral Book | ||
| 040 |
_aRTL _cRTL _beng |
||
| 041 |
_2eng _aeng |
||
| 082 | _aX9:89Q1, M2;N3 | ||
| 100 | _aBails Dale G | ||
| 245 | 0 |
_aBusiness fluctuations _b Forecasting techniques and |
|
| 250 | _a2nd | ||
| 260 |
_aNew Jersey _bPrentice Hall _c1993 |
||
| 300 |
_axiv, 607p. Bib chapterwise ; Appendix p 550-98 _ccm. |
||
| 650 | _aQuality Control | ||
| 700 | _a Peppers Larry C | ||
| 942 |
_hX9:89Q1, M2;N3 _cGB _2CC |
||
| 999 |
_c618877 _d618877 |
||